[Event "Deltalift Open 2017"]
[Site "Tylosand SWE"]
[Date "2017.05.26"]
[Round "6.11"]
[White "Ziegler,A"]
[Black "Karlsson,J"]
[Result "1-0"]
[WhiteElo "2317"]
[BlackElo "2095"]

1.e4 g6 2.d4 Bg7 3.Nc3 a6 4.f4 d6 5.Nf3 b5 6.Be3 Nd7 7.d5 e5 8.dxe6 fxe6 9.f5
Ne7 10.Ng5 Nf8 11.f6 Bxf6 12.Qf3 Bxg5 13.Bxg5 h6 14.Bf6 Rh7 15.e5 d5 16.O-O-O
Bd7 17.Bd3 c5 18.Rhf1 Rf7 19.Qg4 b4 20.Ne2 c4 21.Bxe7 Qxe7 22.Bxg6 Nxg6
23.Qxg6 Qg5+ 24.Qxg5 hxg5 25.Nd4 Rg7 26.Rf3 Ke7 27.Rg3 Rf8 28.h3 Be8 29.Re1
Rf4 30.c3 bxc3 31.bxc3 Bh5 32.Kb2 g4 33.Ka3 Bg6 34.Re2 Bf5 35.Rb2 Kf7 36.Rb7+
Kg8 37.Rxg7+ Kxg7 38.hxg4 Rxg4 39.Rxg4+ Bxg4 40.Kb4 Kf7 41.Ka5 Ke7 42.Kxa6 Bd1
43.Kb5 Kd7 44.a4 Bg4 45.Kb6 Kc8 46.a5 Kb8 47.a6 {#r} 1-0

[Event "Deltalift Open 2017"]
[Site "Tylosand SWE"]
[Date "2017.05.27"]
[Round "7.9"]
[White "Gajic,Ml"]
[Black "Ziegler,A"]
[Result "0-1"]
[WhiteElo "2296"]
[BlackElo "2317"]

1.d4 g6 2.e4 Bg7 3.Nc3 c6 4.f4 d5 5.e5 Nh6 6.Nf3 Bg4 7.Be3 Qb6 8.Rb1 f6 9.Be2
Nd7 10.Bf2 Nf8 11.h3 Bxf3 12.Bxf3 Ne6 13.Qd2 O-O 14.O-O fxe5 15.fxe5 Rxf3
16.gxf3 Rf8 17.Be3 Nf5 18.Na4 Qc7 19.b4 Qc8 20.Rf2 Nxe3 21.Qxe3 Rf4 22.Nc5 Bh6
23.Qa3 Nxd4 24.e6 a6 25.Re1 Qf8 26.Kg2 Qf5 27.Qd3 Qg5+ 28.Kf1 Qh4 29.Kg2 Nf5
30.Rh1 Rd4 {#R} 0-1

[Event "26th Chicago Open 2017"]
[Site "Chicago USA"]
[Date "2017.05.25"]
[Round "1.7"]
[White "Bian,Alex"]
[Black "Shabalov,A"]
[Result "0-1"]
[WhiteElo "2266"]
[BlackElo "2556"]
[EventType "swiss"]

1.e4 g6 2.d4 Bg7 3.Nc3 c6 4.f4 d5 5.e5 Nh6 6.Nf3 f6 7.Bd3 Bg4 8.O-O O-O 9.Kh1
e6 10.Be3 c5 11.dxc5 fxe5 12.fxe5 Nc6 13.Ne2 Bxf3 14.gxf3 Nxe5 15.Nd4 Qf6
16.Qd2 Nxd3 17.Qxd3 Rad8 18.Rae1 e5 19.Bxh6 Bxh6 20.Nb5 b6 21.Nc3 Qe6 22.Rd1
d4 23.Ne4 bxc5 24.Nxc5 Qh3 25.Ne4 Be3 26.Qe2 Rf7 27.Rd3 Rf4 28.Qg2 Qf5 29.Qg5
Rf8 30.Qxf5 gxf5 31.Ng3 e4 32.fxe4 Rxf1+ 33.Nxf1 fxe4 34.Rd1 Rf2 35.c3 Rxb2
36.cxd4 Bf4 37.Re1 e3 38.Nxe3 Rxh2+ 39.Kg1 Rxa2 40.Nf5 Ra5 41.d5 Kf7 42.Re4
Bb8 43.Ne3 Bc7 44.Kg2 Bb6 45.d6 Kf6 46.Nc4 Rd5 47.Re7 h5 48.Nxb6 axb6 49.Rh7
Kg6 50.Rd7 Kf5 51.Rh7 Rxd6 52.Kf3 {#R} 0-1

[Event "4th Gligoric Cup 2017"]
[Site "Novi Banovci SRB"]
[Date "2017.05.26"]
[Round "2.4"]
[White "Matovic,P"]
[Black "Rabrenovic,V"]
[Result "0-1"]
[WhiteElo "2182"]
[BlackElo "2337"]

1.d4 d6 2.e4 g6 3.Nc3 Bg7 4.Be3 a6 5.Qd2 b5 6.Nf3 Bb7 7.Bd3 Nd7 8.Ne2 Ngf6
9.Ng3 Ng4 10.O-O Nxe3 11.fxe3 c5 12.c3 O-O 13.a4 c4 14.Be2 Qb6 15.Kh1 Qc6
16.Bd1 e5 17.Qf2 Nf6 18.Nd2 Qc7 19.Bf3 Bc6 20.a5 Qb7 21.Rfe1 Rac8 22.h3 Rfe8
23.d5 Bd7 24.Be2 Rf8 25.Rac1 Rc7 26.Ngf1 Ne8 27.Rcd1 f5 28.Bf3 Nf6 29.Qh4 h6
30.exf5 gxf5 31.e4 f4 32.Nh2 Qc8 33.Rg1 Qd8 34.Qf2 Rb7 35.Ra1 Nh7 36.Bg4 Bxg4
37.Nxg4 Ng5 38.Nh2 Bf6 39.Nhf3 Rg7 40.Nxg5 Bxg5 41.Nf3 Kh8 42.Qb6 Qf6 43.Qxa6
Rb8 44.Qc6 Qd8 45.a6 Ra7 46.Ra5 Rb6 47.Nxe5 dxe5 48.Qc5 Be7 49.Qf2 Raxa6
50.Rxa6 Rxa6 51.Rd1 Qf8 52.Qf3 Qg7 53.Qh5 Rg6 54.g4 fxg3 55.Kg2 Rf6 56.Rd2 Kh7
57.h4 Bc5 58.Kh3 Rf1 59.Re2 Rh1+ 60.Kg2 Rg1+ 61.Kh3 Rh1+ 62.Kg2 Rh2+ 63.Kf3
Qf6+ {#R} 0-1

[Event "4th Gligoric Cup 2017"]
[Site "Novi Banovci SRB"]
[Date "2017.05.27"]
[Round "4.1"]
[White "Radlovacki,J"]
[Black "Popovic,Du"]
[Result "0-1"]
[WhiteElo "2363"]
[BlackElo "2523"]

1.e4 d6 2.d4 g6 3.c3 Bg7 4.Nf3 Nd7 5.Be3 e5 6.h3 Ngf6 7.dxe5 dxe5 8.Nbd2 O-O
9.Bc4 Qe7 10.Qc2 b6 11.Nb3 Bb7 12.Nfd2 Ne8 13.O-O Nd6 14.Bd3 f5 15.exf5 gxf5
16.f4 Rf6 17.Rf2 Rg6 18.Kf1 Kh8 19.Re1 Qh4 20.Bxf5 Rxg2 21.Rxg2 Bxg2+ 22.Kxg2
Qxe1 23.Bf2 Nxf5 24.Qxf5 Qe2 25.Nf3 Bf6 26.Nc1 Rg8+ 27.Ng5 Qh5 28.h4 Bxg5
29.hxg5 Rg7 30.Nd3 Qg6 31.Qh3 c5 32.b4 exf4 33.bxc5 Qxg5+ 34.Kf1 bxc5 35.Nxc5
f3 36.Qxf3 Qc1+ 37.Be1 Re7 38.Nd3 Qe3 39.Qd5 Qe2+ 40.Kg1 Rg7+ 41.Kh1 Nf6
42.Qd8+ Ng8 43.Qd5 Qf1+ 44.Kh2 Nf6 {#R} 0-1

[Event "TCh-FRA Top 12 2017"]
[Site "Chartres FRA"]
[Date "2017.05.23"]
[Round "6.4"]
[White "Le Borgne,P"]
[Black "Grollemund,B"]
[Result "0-1"]
[WhiteElo "2234"]
[BlackElo "2182"]

1.e4 g6 2.d4 Bg7 3.Nc3 d6 4.Be3 a6 5.Qd2 Nd7 6.O-O-O b5 7.h4 h6 8.f3 c6 9.g4
Nb6 10.Nh3 b4 11.Nb1 a5 12.a3 Ba6 13.Bxa6 Rxa6 14.axb4 Qa8 15.e5 Nc4 16.Qd3 d5
17.e6 axb4 18.exf7+ Kxf7 19.b3 Na3 20.Nxa3 bxa3 21.Kb1 a2+ 22.Ka1 c5 23.c3 Rb6
24.Nf4 c4 25.bxc4 Qa3 26.Rh2 Nf6 27.c5 Rb1+ 28.Rxb1 axb1=Q+ 29.Kxb1 Rb8+
30.Kc2 Rb2+ 31.Kd1 Rxh2 32.Qxg6+ Kg8 33.Ne6 Qb3+ 34.Ke1 Qxc3+ 35.Kd1 Qb3+
36.Kc1 Qxe3+ {#R} 0-1

[Event "TCh-FRA Top 12 2017"]
[Site "Chartres FRA"]
[Date "2017.05.26"]
[Round "9.2"]
[White "Kosteniuk,A"]
[Black "Grafl,F"]
[Result "1-0"]
[WhiteElo "2540"]
[BlackElo "2377"]

1.e4 d6 2.d4 Nf6 3.Nc3 e5 4.dxe5 dxe5 5.Qxd8+ Kxd8 6.Bc4 Ke8 7.Nf3 Bd6 8.Bg5
Nbd7 9.O-O-O a6 10.a4 b6 11.Bxf6 gxf6 12.Nh4 Bc5 13.Bd5 Ra7 14.Bc6 Bxf2 15.Nf5
Bc5 16.Nd5 Bd6 17.Nxb6 cxb6 18.Rxd6 Rg8 19.g3 Rg5 20.Rhd1 Rxf5 21.exf5 Ke7
22.b4 Rc7 23.g4 a5 24.b5 Nc5 25.g5 Bd7 26.gxf6+ Ke8 27.Rg1 {#r} 1-0

[Event "TCh-FRA Top 12 2017"]
[Site "Chartres FRA"]
[Date "2017.05.27"]
[Round "10.4"]
[White "Bellahcene,B"]
[Black "Shoker,S"]
[Result "0-1"]
[WhiteElo "2452"]
[BlackElo "2498"]

1.e4 g6 2.d4 Bg7 3.Nc3 d6 4.Be3 a6 5.h4 h5 6.Qd2 b5 7.f3 Nf6 8.O-O-O c6 9.Kb1
Qc7 10.e5 dxe5 11.dxe5 Nd5 12.Nxd5 cxd5 13.f4 Bf5 14.Nf3 Nc6 15.Bd3 Bg4 16.Qf2
Rc8 17.Rc1 Qd7 18.Nh2 Bf5 19.Rhd1 f6 20.exf6 Bxf6 21.Qf3 Nb4 22.Bxf5 Qxf5
23.Qe2 Qe4 24.Rd2 d4 25.Bxd4 Qxe2 26.Rxe2 Bxd4 27.c3 Nd3 28.Rd1 Nxf4 29.Re4
Ba7 {#R} 0-1

[Event "36th Zalakaros Open 2017"]
[Site "Zalakaros HUN"]
[Date "2017.05.24"]
[Round "7.18"]
[White "Chernyshov,K"]
[Black "Del Rey,D"]
[Result "1-0"]
[WhiteElo "2485"]
[BlackElo "2352"]

1.e4 d6 2.d4 Nf6 3.Nc3 e5 4.dxe5 dxe5 5.Qxd8+ Kxd8 6.Bc4 Ke8 7.f3 Bb4 8.Ne2
Ke7 9.a3 Ba5 10.b4 Bb6 11.Bb2 c6 12.Na4 Bc7 13.Nc5 Nfd7 14.Nd3 f6 15.Bb3 Rd8
16.O-O Nf8 17.f4 exf4 18.Nexf4 Ne6 19.Rae1 Nxf4 20.Nxf4 Bxf4 21.Rxf4 Be6
22.Bxe6 Kxe6 23.Rh4 h6 24.e5 f5 25.Rh3 f4 26.Rh4 Rd2 27.Rxf4 Rxc2 28.Bc1 Nd7
29.Rg4 g5 30.h4 Rg8 31.hxg5 hxg5 32.Rd4 Nb6 33.Rd6+ Ke7 34.Be3 Nd5 35.Bc5 Ke8
36.e6 Rg7 37.e7 Rxe7 38.Rxe7+ Nxe7 39.Re6 b6 40.Bxe7 Kf7 41.Re3 Kg6 42.Rg3
{#r} 1-0

[Event "Bodensee Open 2017"]
[Site "Bregenz AUT"]
[Date "2017.05.27"]
[Round "8.10"]
[White "Van den Bersselaar,J"]
[Black "Bharath,Subramaniyam H"]
[Result "1-0"]
[WhiteElo "2154"]
[BlackElo "2204"]

1.d4 Nf6 2.Nf3 g6 3.Nbd2 Bg7 4.e4 d6 5.Bd3 O-O 6.O-O Nbd7 7.Re1 e5 8.c3 b6
9.dxe5 dxe5 10.b4 Bb7 11.Nc4 Qe7 12.Bg5 h6 13.Bh4 Qe6 14.Bg3 Nh5 15.Ne3 Nxg3
16.hxg3 Nf6 17.Bc4 Qe7 18.Nd5 Nxd5 19.Bxd5 Rad8 20.Qb3 Bxd5 21.exd5 Qd6
22.Rad1 Rfe8 23.c4 Kh8 24.g4 Qd7 25.g5 e4 26.Nd2 Qg4 27.gxh6 Bxh6 28.Nf1 f5
29.Qg3 Qxg3 30.Nxg3 Bg7 31.Ne2 e3 32.Nd4 exf2+ 33.Kxf2 Rxe1 34.Kxe1 Re8+
35.Ne6 Bc3+ 36.Kf1 Bxb4 37.Nxc7 Rc8 38.Ne6 Bd6 39.Rc1 Kg8 40.Ke2 Kf7 41.Kd3
Rh8 42.Re1 Rh4 43.Ng5+ Kg7 44.Re6 Bb4 45.d6 Rh1 46.Kc2 Rh4 47.Kb3 Bc5 48.Nf3
Rh8 49.d7 Rd8 50.Ne5 Kf8 51.Rf6+ Ke7 52.Rxg6 Rf8 53.Rg7+ Kf6 54.Rf7+ Rxf7
55.Nxf7 Be7 56.d8=Q Bxd8 57.Nxd8 Ke5 58.Nc6+ Ke4 59.Nxa7 Ke3 60.Nc8 Kf2
61.Nxb6 Kxg2 62.Nd5 Kf3 63.a4 Ke4 64.a5 f4 65.Nxf4 Kxf4 66.a6 Ke5 67.a7 Kd6
68.a8=Q Kc5 69.Qd5+ Kb6 70.Qd6+ Ka7 71.Qb4 Ka8 72.c5 Ka7 73.c6 Ka8 74.c7 Ka7
75.Qb8+ Ka6 76.c8=Q+ Ka5 77.Qb4# 1-0

[Event "ch-Flemish 2017"]
[Site "Ghent BEL"]
[Date "2017.05.26"]
[Round "4.4"]
[White "Dardha,Daniel"]
[Black "Ghyselen,W"]
[Result "1-0"]
[WhiteElo "2126"]
[BlackElo "2152"]

1.e4 d6 2.d4 Nf6 3.Nc3 e5 4.Nge2 Be7 5.g3 c5 6.dxe5 dxe5 7.Bg5 Nc6 8.Qxd8+
Bxd8 9.O-O-O Bg4 10.Bxf6 gxf6 11.Bg2 Nd4 12.f3 Bxf3 13.Bxf3 Nxf3 14.Nd5 f5
15.exf5 Bg5+ 16.Kb1 O-O-O 17.Nec3 {#r} 1-0

[Event "Groninger Combinatie Open"]
[Site "Groningen NED"]
[Date "2017.05.28"]
[Round "6.4"]
[White "Pel,B"]
[Black "Kouwenhoven,Derk"]
[Result "1-0"]
[WhiteElo "2255"]
[BlackElo "2098"]

1.g3 Nf6 2.Bg2 g6 3.e4 d6 4.d4 Bg7 5.Nc3 O-O 6.Nge2 e5 7.O-O Bg4 8.h3 exd4
9.hxg4 dxc3 10.Nxc3 Nc6 11.g5 Nd7 12.Nd5 Re8 13.c3 Nc5 14.Qc2 Ne7 15.Ne3 c6
16.Rd1 Qc7 17.Ng4 Red8 18.Be3 Nd7 19.Bd4 Ne5 20.Nf6+ Kh8 21.f4 c5 22.Bf2 Nd7
23.Ng4 f6 24.gxf6 Nxf6 25.Ne3 Rab8 26.Rd2 b5 27.Rad1 Nc6 28.Bf3 a5 29.Kg2 a4
30.a3 Bf8 31.Rh1 Na5 32.g4 Nb3 33.Rdd1 Qf7 34.Bg3 b4 35.Rh2 bxa3 36.bxa3 Rb6
37.e5 Ne8 38.Be4 d5 39.Bxd5 Qc7 40.f5 Rdb8 41.Nc4 Rb5 42.fxg6 Na5 43.Qf5 {#r}
1-0

[Event "26th Chicago Open 2017"]
[Site "Chicago USA"]
[Date "2017.05.28"]
[Round "7.10"]
[White "Schmakel,Sam A"]
[Black "Shabalov,A"]
[Result "0-1"]
[WhiteElo "2344"]
[BlackElo "2556"]
[EventType "swiss"]

1.e4 g6 2.d4 Bg7 3.Nc3 d6 4.Be3 a6 5.f4 b5 6.Bd3 Bb7 7.Nf3 Nd7 8.e5 Nh6 9.Qe2
Nb6 10.a4 b4 11.Ne4 Nf5 12.Bd2 dxe5 13.dxe5 a5 14.Bb5+ c6 15.Nc5 cxb5 16.Nxb7
Qc7 17.Nd6+ Nxd6 18.exd6 Qxd6 19.Qxb5+ Nd7 20.O-O-O O-O 21.Kb1 Qc7 22.Bc1 Nb6
23.Rhe1 Rfc8 24.Re2 e6 25.Ne5 Nd5 26.Rd4 Bxe5 27.fxe5 Rab8 28.Qa6 Qc5 29.Red2
Nc3+ 30.Ka1 Nxa4 31.Qf1 Qxe5 32.Rd1 Ra8 33.g4 Nb6 34.Bf4 Qf6 35.Qe2 Nd5 36.Be5
Qg5 37.Re4 a4 38.Qf2 b3 39.c4 a3 40.h4 axb2+ 41.Kxb2 Qe7 42.Kb1 Ra2 43.Rd2 Qa3
44.Qd4 b2 45.Rxb2 Nb4 46.Rd2 {#R} 0-1

[Event "TCh-FRA Top 12 2017"]
[Site "Chartres FRA"]
[Date "2017.05.28"]
[Round "11.6"]
[White "Marchadour,E"]
[Black "Le Roux,JP"]
[Result "0-1"]
[WhiteElo "2097"]
[BlackElo "2538"]

1.e4 g6 2.d4 Bg7 3.Nc3 d6 4.Nf3 Nf6 5.h3 O-O 6.Be3 a6 7.Bd3 b5 8.Ne2 Nbd7
9.Ng3 Bb7 10.Qd2 e5 11.c3 exd4 12.Nxd4 d5 13.exd5 Nxd5 14.Bh6 Re8+ 15.Be2 c5
16.Ndf5 Be5 17.O-O-O gxf5 18.Nxf5 Qf6 19.Bg4 N7b6 20.Rhe1 Nc4 21.Qd3 Nxb2
22.Kxb2 Bxc3+ 23.Kb1 Bxe1 24.Bg7 Nc3+ 25.Ka1 Qg5 26.Bxc3 Rad8 27.Nd6 Rxd6
28.Qxd6 Bxc3+ 29.Kb1 Be4+ {#R} 0-1

[Event "10th KIIT Elite Open 2017"]
[Site "Bhubaneswar IND"]
[Date "2017.05.29"]
[Round "5.13"]
[White "Dhananjay,S"]
[Black "Nguyen Duc Hoa"]
[Result "0-1"]
[WhiteElo "2167"]
[BlackElo "2481"]

1.Nf3 g6 2.e4 Bg7 3.d4 d6 4.Nc3 Nf6 5.Be2 O-O 6.O-O c6 7.h3 Qc7 8.Bf4 Nh5
9.Bh2 e5 10.Qd2 Nd7 11.Rad1 Re8 12.d5 c5 13.Nh4 Qd8 14.Nf3 a6 15.a4 Qf6 16.g3
c4 17.Kg2 Nc5 18.Ng1 b5 19.axb5 axb5 20.Nxb5 Nxe4 21.Qe3 Rb8 22.Bxc4 Nc5
23.Be2 Bb7 24.c4 Qd8 25.g4 Nf6 26.f4 Ba8 27.fxe5 Rxb5 28.cxb5 Nxd5 29.Rxd5
Bxd5+ 30.Bf3 Qa8 31.Bxd5 Qxd5+ 32.Qf3 Qxf3+ 33.Nxf3 dxe5 34.Ng5 Rb8 35.Nxf7
Nd3 36.Nd6 Rb6 37.Nc4 Rxb5 38.Kf3 Rb4 39.Ne3 e4+ {#R} 0-1

[Event "Deltalift Open 2017"]
[Site "Tylosand SWE"]
[Date "2017.05.25"]
[Round "3.9"]
[White "Nilsson,P1"]
[Black "Ziegler,A"]
[Result "1-0"]
[WhiteElo "2114"]
[BlackElo "2317"]

1.e4 g6 2.d4 Bg7 3.Nf3 d6 4.Nc3 Nf6 5.Bc4 O-O 6.O-O Nxe4 7.Nxe4 d5 8.Bd3 dxe4
9.Bxe4 Nd7 10.c3 Nf6 11.Bd3 b6 12.Ne5 Bb7 13.Be2 Nd7 14.Nxd7 Qxd7 15.Bf3 Bxf3
16.Qxf3 c5 17.dxc5 bxc5 18.Bg5 e6 19.Rad1 Qb5 20.Rd2 c4 21.h4 Rac8 22.Rfd1 h6
23.Be7 Rfe8 24.Ba3 Rc7 25.Rd8 Rxd8 26.Rxd8+ Kh7 27.Qe4 Qf5 28.Qxf5 gxf5 29.h5
Bf6 30.Rd1 Kg7 31.f4 Bh4 32.Kh2 Bf6 33.Kg3 Rc6 34.Kf3 Ra6 35.Ke3 Bxc3 36.Rc1
Ba5 37.Rxc4 Bb6+ 38.Kf3 Ra5 39.Rc8 Rd5 40.Bf8+ Kh7 41.Be7 Rd3+ 42.Ke2 Rg3
43.Kf1 Bd4 44.b3 Rg4 45.Bd6 Rh4 46.g3 Rxh5 47.Kg2 Kg6 48.Rc4 Bb6 49.a4 f6
50.b4 e5 51.a5 Bd4 52.b5 Be3 53.fxe5 fxe5 54.Bc5 f4 55.Bxe3 fxe3 56.Rc6+ Kf5
57.Kf3 e2 58.g4+ Kg5 59.Rg6+ {#r} 1-0

[Event "4th Gligoric Cup 2017"]
[Site "Novi Banovci SRB"]
[Date "2017.05.25"]
[Round "1.5"]
[White "Djuric,S"]
[Black "Kovacic,M"]
[Result "1-0"]
[WhiteElo "2424"]
[BlackElo "2212"]

1.e4 d6 2.d4 Nf6 3.Nc3 g6 4.Nf3 c6 5.Be2 Bg7 6.O-O O-O 7.Re1 Qc7 8.e5 dxe5
9.Nxe5 Rd8 10.Bc4 e6 11.Bg5 h6 12.Bxf6 Bxf6 13.Qf3 Bg7 14.Rad1 Rf8 15.Qg3 Qd8
16.Ne4 Na6 17.Bxa6 bxa6 18.Nc5 Bxe5 19.dxe5 Qa5 20.Qe3 Rb8 21.Nb3 Qxa2 22.Qxh6
Rxb3 23.cxb3 Qa5 24.h4 {#r} 1-0

[Event "4th Gligoric Cup 2017"]
[Site "Novi Banovci SRB"]
[Date "2017.05.27"]
[Round "3.5"]
[White "Roljevic,D"]
[Black "Mehandzic,G"]
[Result "1-0"]
[WhiteElo "2103"]
[BlackElo "2078"]

1.d4 Nf6 2.Nf3 g6 3.Nc3 Bg7 4.e4 d6 5.Bf4 Nh5 6.Be3 Nc6 7.Qd2 e5 8.dxe5 dxe5
9.Qxd8+ Nxd8 10.Nd5 Ne6 11.Ng5 c6 12.Nxe6 Bxe6 13.Nc7+ Ke7 14.Nxa8 Rxa8 15.a4
f5 16.f3 Nf6 17.Bd3 b6 18.a5 b5 19.a6 Nd7 20.Ke2 Kd8 21.h4 h6 22.h5 f4 23.Bf2
g5 24.Rhc1 Bf8 25.c4 b4 26.c5 Bf7 27.Ra4 Rb8 28.Bc4 Bxh5 29.Be6 Rb5 30.Bxd7
Kxd7 31.Rc4 b3 32.Rcb4 Bf7 33.Kd3 h5 34.Kd2 Be7 35.Ke2 g4 36.fxg4 hxg4 37.g3
Kc7 38.Kf1 Be6 39.Kg2 Bg5 40.gxf4 exf4 41.Rxb5 cxb5 42.Rd4 Bf6 43.Rd2 Be5
44.Bd4 f3+ 45.Kf2 Bh2 46.Rd1 Bd7 47.Rh1 Bf4 48.Rh7 Kc6 49.Rg7 b4 50.Rg6+ Kb5
51.c6 Bc8 52.e5 Kc4 53.Rd6 Bxa6 54.c7 Bb7 55.Bxa7 g3+ 56.Kg1 f2+ 57.Kf1 Bc8
{#r} 1-0

[Event "14th Orlova Open 2017"]
[Site "Orlova CZE"]
[Date "2017.05.26"]
[Round "7.3"]
[White "Drozniak,Stanislaw"]
[Black "Kislinsky,A"]
[Result "0-1"]
[WhiteElo "2043"]
[BlackElo "2484"]

1.e4 g6 2.d4 Bg7 3.Nc3 d6 4.f4 Nf6 5.Nf3 O-O 6.Bd3 Na6 7.Qe2 c5 8.e5 Ng4
9.dxc5 Nxc5 10.Bc4 dxe5 11.h3 Nh6 12.fxe5 Nf5 13.Qf2 Be6 14.Bxe6 Nxe6 15.O-O
Ned4 16.Bf4 Nxf3+ 17.gxf3 Qa5 18.Rae1 Rad8 19.Re4 a6 20.Rfe1 e6 21.b4 Qc7
22.Na4 Qc6 23.Nb6 Nd4 24.Rxd4 Qxb6 25.Rxd8 Qxd8 26.Re4 Qd1+ 27.Kg2 b5 28.c4
bxc4 29.Rxc4 Rd8 30.Qc2 h6 31.Qxd1 Rxd1 32.a4 g5 33.Bg3 Bf8 34.Rc6 Rd2+ 35.Kf1
Bxb4 36.Rxa6 Ra2 37.h4 gxh4 38.Bxh4 Kg7 39.Ra8 Bc3 40.Bg3 h5 41.Rc8 Bb4 42.Ra8
Be7 43.Ra7 Bg5 44.f4 h4 45.fxg5 hxg3 46.Ra8 Kg6 47.Rg8+ Kf5 48.Rg7 Rxa4 49.Kg2
Rg4 50.Rxf7+ Kxe5 51.Rg7 Kf5 52.g6 Rxg6 {#R} 0-1

[Event "10th KIIT Elite Open 2017"]
[Site "Bhubaneswar IND"]
[Date "2017.05.28"]
[Round "4.3"]
[White "Nitin,S"]
[Black "Ravi,TeS"]
[Result "1-0"]
[WhiteElo "2426"]
[BlackElo "2369"]

1.e4 c6 2.Nc3 d5 3.Nf3 dxe4 4.Nxe4 Nf6 5.Qe2 Nxe4 6.Qxe4 Qd5 7.Qh4 Qe6+ 8.Be2
Qg4 9.Qg3 Qxg3 10.hxg3 Bf5 11.b3 Nd7 12.Bb2 Nf6 13.O-O-O g6 14.Ng5 b5 15.Bf3
Rc8 16.Rde1 Bg7 17.Nxh7 Rxh7 18.Rxh7 Nxh7 19.Bxg7 f6 20.g4 Bd7 21.Bh6 g5
22.Be4 Kf7 23.Bxh7 Rh8 24.Bxg5 Rxh7 25.Be3 Bxg4 26.Bxa7 e5 27.a4 Ke6 28.Bb6
bxa4 29.bxa4 Rh2 30.f3 Bh5 31.g4 Bg6 32.a5 Kd6 33.Bd8 Ke6 34.f4 Kd7 35.a6 {#r}
1-0

[Event "10th KIIT Elite Open 2017"]
[Site "Bhubaneswar IND"]
[Date "2017.05.28"]
[Round "4.24"]
[White "Nguyen Duc Hoa"]
[Black "Pruthu,Deshpande"]
[Result "1-0"]
[WhiteElo "2481"]
[BlackElo "2075"]

1.e4 c6 2.Nc3 d5 3.Nf3 Nf6 4.Bd3 dxe4 5.Nxe4 Nbd7 6.Nxf6+ Nxf6 7.b3 Bg4 8.h3
Bh5 9.Bb2 e6 10.Qe2 Qd5 11.O-O-O Bxf3 12.gxf3 Be7 13.f4 g6 14.Rhg1 Qa5 15.Kb1
O-O-O 16.f5 Rhe8 17.fxe6 fxe6 18.Qxe6+ Nd7 19.Qf7 Ba3 20.Bc3 Qh5 21.Rde1 Ne5
22.Bxe5 Rxe5 23.Bc4 Rxe1+ 24.Rxe1 Qg5 25.f4 Qg3 26.Qe6+ Kb8 27.Qe3 Qxe3
28.dxe3 Bb4 29.Re2 Rd1+ 30.Kb2 Re1 31.Rxe1 Bxe1 32.Kc1 h6 33.Kd1 Bc3 34.Ke2 g5
35.Kd3 Bf6 36.Ke4 gxf4 37.exf4 Kc7 38.Kf5 Bg7 39.Kg6 Bf8 40.f5 Kd8 41.f6 Ke8
42.h4 Bd6 43.Kxh6 Kf8 44.h5 Be5 45.Kg6 b5 46.Be6 {#r} 1-0

[Event "Bodensee Open 2017"]
[Site "Bregenz AUT"]
[Date "2017.05.25"]
[Round "6.12"]
[White "Cunningham,R"]
[Black "Ballon,G"]
[Result "1-0"]
[WhiteElo "2255"]
[BlackElo "2130"]

1.c4 c6 2.e4 e5 3.Nf3 d6 4.d4 Bg4 5.Be2 Nd7 6.Nc3 Ngf6 7.O-O Be7 8.Be3 O-O
9.Nd2 Bxe2 10.Qxe2 Re8 11.f4 exf4 12.Rxf4 Nf8 13.Raf1 Ng6 14.Rf5 Qc7 15.g4 Nh4
16.R5f2 h6 17.g5 hxg5 18.Bxg5 Ng6 19.Nf3 Nxe4 20.Nxe4 f5 21.Nc5 Bxg5 22.Ne6
Nf4 23.Nxc7 Nxe2+ 24.Kh1 {#r} 1-0

[Event "Deltalift Open 2017"]
[Site "Tylosand SWE"]
[Date "2017.05.25"]
[Round "3.2"]
[White "Silseth,S"]
[Black "Tikkanen,H"]
[Result "0-1"]
[WhiteElo "2254"]
[BlackElo "2504"]

1.e4 c6 2.d3 d5 3.Nd2 g6 4.Ngf3 Bg7 5.Be2 e5 6.O-O Ne7 7.c3 O-O 8.Re1 c5
9.exd5 Nxd5 10.Nc4 Nc6 11.a4 Re8 12.g3 b6 13.Bg5 f6 14.Bd2 a6 15.h4 Rb8 16.h5
Nde7 17.Nh4 Be6 18.Ne3 Na5 19.Ra3 b5 20.axb5 axb5 21.c4 b4 22.Ra2 Nac6 23.Bc1
Nd4 24.Bf1 Qd7 25.b3 Ra8 26.Rxa8 Rxa8 27.Bb2 Ra2 28.Bc1 Bh3 29.hxg6 hxg6
30.Bxh3 Qxh3 31.Nf3 Nec6 32.Nxd4 Nxd4 33.Nd5 Ra1 {#R} 0-1

[Event "Deltalift Open 2017"]
[Site "Tylosand SWE"]
[Date "2017.05.26"]
[Round "5.11"]
[White "Rydstrom,Tom"]
[Black "Andersson,L"]
[Result "1-0"]
[WhiteElo "2312"]
[BlackElo "2006"]

1.e4 c6 2.Ne2 d5 3.e5 c5 4.c3 Nc6 5.d4 cxd4 6.cxd4 Bf5 7.Nbc3 e6 8.Be3 Rc8
9.Rc1 Be7 10.Ng3 Bg6 11.Be2 Nh6 12.O-O Nf5 13.Nxf5 Bxf5 14.f4 Bg6 15.g4 f5
16.Kh1 O-O 17.g5 Na5 18.b3 Be8 19.Qd2 Bd7 20.Bf3 Kh8 21.Rg1 Ba3 22.Rc2 Nc6
23.Nb5 Bb4 24.Qf2 Qb6 25.Nd6 Bxd6 26.exd6 Nb4 27.Rd2 Rc3 28.Be2 Rfc8 29.Rg3
Qxd6 30.Rh3 Qe7 31.Rd1 Rc2 32.Bd2 Be8 33.a3 Na2 34.Bd3 R2c7 35.Re1 Nc3 36.Bxf5
g6 37.Bxc3 gxf5 38.Bb4 Qd7 39.Qe3 Bf7 40.Rg1 Kg8 41.Rh6 e5 42.g6 Bxg6 43.fxe5
f4 44.Qxf4 Qg7 45.h4 Rc1 46.Rxg6 Qxg6 47.Rxc1 Rxc1+ 48.Qxc1 Qe4+ 49.Kg1 Qxd4+
50.Kf1 Qd3+ 51.Ke1 Qg3+ 52.Kd2 Qf4+ 53.Kc2 Qe4+ 54.Kb2 Qxe5+ 55.Bc3 {#r} 1-0

[Event "26th Chicago Open 2017"]
[Site "Chicago USA"]
[Date "2017.05.25"]
[Round "1.6"]
[White "Li,Ruifeng"]
[Black "Posthuma,Joshua G"]
[Result "1-0"]
[WhiteElo "2574"]
[BlackElo "2268"]
[EventType "swiss"]

1.e4 c6 2.Nc3 d5 3.Nf3 Nf6 4.Qe2 dxe4 5.Nxe4 Nxe4 6.Qxe4 Qd5 7.Qf4 Qf5 8.Qe3
Qe6 9.b3 Qxe3+ 10.fxe3 Bf5 11.Bb2 Nd7 12.O-O-O e6 13.Be2 Be7 14.Bxg7 Rg8
15.Bb2 Rxg2 16.Nd4 Be4 17.d3 Rxe2 18.Nxe2 Bxh1 19.Rxh1 Bf6 20.Rg1 Bxb2+
21.Kxb2 Ke7 22.e4 Nf6 23.a4 Rg8 24.e5 Ng4 25.h3 Nh6 26.Rxg8 Nxg8 27.Kc3 f5
28.exf6+ Nxf6 29.Kd4 Kd6 30.Ng3 c5+ 31.Kc4 Nd5 32.Ne4+ Kc6 33.Ng5 Nf4 34.h4 h6
35.Nf7 Ng6 36.Nd8+ Kb6 37.Nxe6 Nxh4 38.Nxc5 Nf5 39.Ne6 h5 40.Nf4 h4 41.d4 Ne3+
42.Kd3 Ng2 43.Nh3 Ne1+ 44.Kd2 Nf3+ 45.Ke3 Ne1 46.c3 a5 47.Ke2 Nc2 48.Kd2 Na1
49.b4 axb4 50.cxb4 Nb3+ 51.Kc3 Nc1 52.Nf4 Kc6 53.b5+ Kd6 54.a5 Kd7 55.Kc4 Kc7
56.d5 h3 57.Nxh3 Ne2 58.a6 bxa6 59.bxa6 {#r} 1-0

[Event "26th Chicago Open 2017"]
[Site "Chicago USA"]
[Date "2017.05.28"]
[Round "7.20"]
[White "Sarkar,J"]
[Black "Posthuma,Joshua G"]
[Result "1-0"]
[WhiteElo "2375"]
[BlackElo "2268"]
[EventType "swiss"]

1.e4 c6 2.Nf3 d5 3.Nc3 Nf6 4.e5 Ne4 5.d4 Bg4 6.Nxe4 dxe4 7.h3 Bxf3 8.gxf3 exf3
9.Bc4 e6 10.Be3 Nd7 11.Qxf3 Qc7 12.O-O-O Nb6 13.Bb3 O-O-O 14.Kb1 Nd5 15.Rhg1
c5 16.dxc5 Nxe3 17.Rxd8+ Kxd8 18.fxe3 Bxc5 19.Rxg7 Rf8 20.Bxe6 Qxe5 21.Rxf7
Rxf7 22.Qxf7 Be7 23.a4 a6 24.Bd5 Qxe3 25.Bxb7 Qxh3 26.Qd5+ Ke8 27.Bxa6 Qh4
28.Bd3 Kf8 29.Qe4 Qg3 30.Qf5+ Kg7 31.Qxh7+ Kf6 32.Qh8+ Ke6 33.Qg8+ {#r} 1-0

[Event "4th Gligoric Cup 2017"]
[Site "Novi Banovci SRB"]
[Date "2017.05.26"]
[Round "2.3"]
[White "Drazic,S"]
[Black "Mirkovic,Sl"]
[Result "1-0"]
[WhiteElo "2427"]
[BlackElo "2255"]

1.e4 c6 2.d3 g6 3.Nc3 Bg7 4.Bg5 d5 5.Qd2 dxe4 6.dxe4 Qxd2+ 7.Kxd2 Nd7 8.a4 Nc5
9.f3 Be6 10.Nge2 Bc4 11.Be3 Ne6 12.a5 O-O-O+ 13.Kc1 Bh6 14.f4 Nf6 15.g3 Kb8
16.Ra4 Ba6 17.Bh3 Nc7 18.e5 Nfd5 19.Bd2 f6 20.exf6 exf6 21.Nxd5 Nxd5 22.Nd4
Nc7 23.Nb3 Bb5 24.Rd4 Rhe8 25.Rxd8+ Rxd8 26.Re1 Re8 27.Rxe8+ Nxe8 28.Be6 f5
29.Bc3 Bg7 30.Nd4 Bf1 31.Bf7 Nd6 32.Bg8 h6 33.Nxc6+ bxc6 34.Bxg7 Bc4 35.Bxc4
Nxc4 36.a6 h5 37.b3 Ne3 38.Be5+ Kc8 39.c4 Nf1 40.Bd4 Nxh2 41.Bxa7 Nf3 42.Kd1
g5 43.Ke2 g4 44.Bf2 {#r} 1-0

[Event "Deltalift Open 2017"]
[Site "Tylosand SWE"]
[Date "2017.05.26"]
[Round "5.3"]
[White "Westerberg,J"]
[Black "Tuomainen,Felix"]
[Result "1-0"]
[WhiteElo "2460"]
[BlackElo "2294"]

1.e4 c6 2.Nf3 d5 3.Nc3 Bg4 4.h3 Bxf3 5.Qxf3 e6 6.d3 Nd7 7.Bd2 Bd6 8.g3 Qf6
9.Qe2 d4 10.Nb1 e5 11.Bg2 Ne7 12.O-O g5 13.Qh5 Rg8 14.a4 Qg7 15.Na3 Nf6 16.Qd1
Bxa3 17.Rxa3 h5 18.c3 h4 19.g4 Nd7 20.cxd4 exd4 21.f4 gxf4 22.Bxf4 Ng6 23.Bh2
Nge5 24.Qe2 O-O-O 25.Qf2 Rh8 26.b4 b6 27.Kh1 f6 28.a5 Qe7 29.Qxd4 Nc5 30.Qa1
Nb7 31.axb6 axb6 32.d4 Nc4 33.Rc3 {#r} 1-0